Main Characters from Alias Quiz Stats

 Plays Quiz not verified by Sporcle

Challenge
Share
Tweet
Embed
Score 0/21 Timer 10:00
0 Plays Today
As seen in season(s): Name % Correct
1-5Sydney Bristow
100%
1-5Jack Bristow
97.1%
1-4, guest star in season 5Michael Vaughn
94.5%
1-2, guest star in later seasonsWill Tippin
91.3%
1-5Arvin Sloane
91%
1-5Marshall Flinkman
88.9%
2, guest star in later seasonsIrina Derevko
87.2%
1-2, guest star in later seasonsFrancie Calfo
86.9%
1-5Marcus Dixon
85.4%
2-3, recurring role before and afterwardsJulian Sark
80.2%
3Lauren Reed
77.6%
As seen in season(s): Name % Correct
4, recurring role before and afterwardsNadia Santos
75.8%
3-4, recurring role before and afterwardsEric Weiss
74.3%
recurring role in seasons 1, 4, and 5Anna Espinosa
66.8%
5Rachel Gibson
66.2%
5Thomas Grace
60.3%
recurring role in seasons 1, 2, and 4Emily Sloane
58%
recurring role in seasons 1-3Assistant Director Kendall
55.7%
5, recurring role beforeKelly Peyton
53.6%
5Renee Rianne
42.3%
Guest role in seasons 1 and 3McKenas Cole
25.9%

You're not logged in!

Compare scores with friends on all Sporcle quizzes.
OR
Log In

You Might Also Like...

Show Comments

Extras

Top Quizzes Today


Score Distribution

Your Account Isn't Verified!

In order to create a playlist on Sporcle, you need to verify the email address you used during registration. Go to your Sporcle Settings to finish the process.

Report this User

Report this user for behavior that violates our Community Guidelines.

Details: